Síntesis teológica del sacerdocio

Salvato in:
Dettagli Bibliografici
Autore principale: Schillebeeckx, Edward (Autore)
Natura: Libro
Lingua:spagnolo
Pubblicazione: Salamanca San Esteban 1959
Serie:Colección Homo Dei, 1
Soggetti:
Tags: Aggiungi Tag
Nessun Tag, puoi essere il primo ad aggiungerne!!

MARC

LEADER 00000nam a2200000 a 4500
001 UCL5322
003 CL-VaPUC
008 040312e19590000SP |||||||||||||||||spa|d
082 0 4 |a 262.14  |b SCH  |2 21 
100 0 |a Schillebeeckx, Edward  |e author  |9 321226 
245 1 0 |a Síntesis teológica del sacerdocio 
300 |a 124 p 
942 |c BK 
945 |d 20040312 00:00:00  |a rbrito 
260 |a Salamanca  |b San Esteban  |c 1959 
650 0 |a Sacerdocio  |9 319738 
650 0 |a Sacramentos   |9 257270 
650 0 |a Sacerdotes   |9 315705 
650 0 |a Teología cristiana  |9 308336 
583 |a last modification  |c 20171128 05:56:30  |k Rodrigo Vera 
490 0 |a Colección Homo Dei, 1 
999 |c 307932  |d 307930 
952 |0 0  |1 0  |4 0  |6 262_140000000000000_SCH_1959  |7 0  |8 A  |9 374112  |a BIBTEO  |b BIBTEO  |d 2019-11-21  |i 3383075  |o 262.14 SCH 1959  |p 3383075  |r 2025-01-17  |w 2019-11-21  |y BK  |k ICR